000
00348 a2200169 4500
001
187093
020
_a
85-16-00509-7
040
_c
Magnum
100
_a
Furnari, Eva
240
1
0
_a
Não confunda...
_l
por
245
1
0
_a
Não confunda...
300
_a
24
362
0
_a
1992
440
1
_a
Moderna
697
_a
LITERATURA INFANTIL
942
_c
BK
999
_c
187093
_d
187093